Paroles - Monopolis - Starmania - Statistiques

Statistiques générales
  • Ce quiz a été pris 70 fois
  • Le résultat moyen est 228 sur 263
Statistiques - réponses
Answerd % Correct
De
100%
de
100%
à
98%
Et
98%
la
98%
La
98%
On
98%
on
98%
au
96%
le
96%
Le
96%
les
96%
Les
96%
tous
96%
Tous
96%
Dans
95%
dans
95%
deux
95%
sera
95%
un
95%
aura
93%
Monopolis
93%
Monopolis ?
93%
peau
93%
plus
93%
une
93%
est
91%
étoile
91%
mille
91%
ne
91%
sur
91%
des
89%
dos
89%
l'an
89%
même
89%
monde
89%
soleil
89%
Tout
89%
tout
89%
vie
89%
bien
88%
étrangers
88%
Il
88%
leu-leu
88%
mêmes
88%
numéro
88%
pareil
88%
queue
88%
rues
88%
facile
86%
métro
86%
New-York
86%
Nous
86%
nous
86%
nuit
86%
n'y
86%
partout
86%
prend
86%
Tokyo
86%
villes
86%
d'étrangers
84%
ou
84%
84%
troupeau
84%
banlieues
82%
ciel
82%
disco
82%
néons
82%
Quand
82%
serons
82%
suivra
82%
toutes
82%
vers
82%
bleu
80%
en
80%
jour
80%
gaiement
79%
radios
79%
remplacent
79%
autre
77%
Pour
77%
danse
75%
Jupiter
75%
Mars
75%
saura
75%
temps
75%
Terre
75%
trouver
75%
Alors
73%
autour
73%
bleue
73%
d'avant
73%
d'un
73%
enfants
73%
gris
73%
milieu
73%
nos
73%
ans
71%
auront
71%
main
71%
vingt
71%
banc
70%
comme
70%
Roissy
70%
aller
68%
cent
68%
neuf
68%
partira
68%
quatre-vingt
68%
Seuls
68%
assis
66%
Je
66%
charters
64%
Mirabel
64%
vois
63%
Marcherons-nous
59%
ces
16%
Qui
16%
gens
11%
sont
7%
millions
5%
Aucun quiz correspondant
Distribution des résultats
% des personnes avec chaque résultat
Percentile par nombre de réponses
Votre historique - résultats
Vous n’avez pas pris ce quiz